00463nam a2200181 a 4500001001300000003000900013005001700022008004100039020002300080082001700103100001700120245002800137260002900165300000900194500003500203650002600238700001700264nice12345678IN_TiNIC20260116015318.0070914s1970 lona grp 000 0 eng  a0551000791 c10000a231.745bLIN aLindsey, Hal aLate Great Planet Earth aLondon bLakeland c1970 a192p aincludes index and biblioraphy aProphecy-Christianity1 aLindsey, Hal